Especificaciones generales para la construcción de caminos, carreteras y puentes CR-77
Guardat en:
| Format: | Llibre |
|---|---|
| Idioma: | Spanish |
| Publicat: |
San José, C.R. : Ministerio de Obras Publicas y Transportes, Dirección de Vialidad
1978
|
| Matèries: | |
| Etiquetes: |
Afegir etiqueta
Sense etiquetes, Sigues el primer a etiquetar aquest registre!
|
MARC
| LEADER | 00000nam a22000007a 4500 | ||
|---|---|---|---|
| 007 | 625.702.18 E77e | ||
| 008 | 170605b1978 cr a|||| |||| 00| ||spa d | ||
| 245 | |a Especificaciones generales para la construcción de caminos, carreteras y puentes CR-77 | ||
| 260 | |a San José, C.R. : Ministerio de Obras Publicas y Transportes, Dirección de Vialidad |c 1978 | ||
| 300 | |a 556 páginas (1 plegable). | ||
| 500 | |a Datos tomados de la cubierta | ||
| 650 | |x COSTA RICA.. MINISTERIO DE OBRAS PUBLICAS Y TRANSPORTES. DIRECCION GENERAL DE VIALIDAD - NORMAS |x CAMINOS - COSTA RICA |x CONSTRUCCION DE CARRETERAS |x CONSTRUCCION DE PUENTES |9 8651 | ||
| 942 | |2 lcc |c BK | ||
| 999 | |c 18478 |d 18478 | ||
